Maple V library reference manual /

Guardado en:
Otros Autores: Char, Bruce W.
Formato: Libro
Idioma:English
Publicado: New York : Springer-Verlag, c1991.
Materias:
Etiquetas: Agregar Etiqueta
Sin Etiquetas, Sea el primero en etiquetar este registro!
LEADER 00780cam a2200229 a 4500
001 MAT.inmabb003311
008 920106s1991####nyu###########001#0#eng##
005 20160608172111.0
245 0 0 |a Maple V library reference manual /  |c Bruce W. Char ... [et al.]. 
260 |a New York :  |b Springer-Verlag,  |c c1991. 
300 |a xxv, 698 p. ;  |c 25 cm. 
500 |a "This volume accompanies the Maple V language reference manual"--Introduction. 
020 |a 0387975926 (New York) 
020 |a 3540975926 (Berlin) 
700 1 |a Char, Bruce W. 
246 3 |a Maple Five library reference manual 
630 0 0 |a Maple (Computer file) 
650 0 |a Algebra  |x Data processing. 
084 |a 68W30  |2 msc2000 
010 |a  92101163  
040 |a DLC  |c DLC  |d DLC 
859 |h 68  |i M297  |p A-7069  |b BIB. MATEMATICA